02307agaaa2200289 45000010005000000030009000050050017000140070009000310080040000400400023000800410013001031000048001161300014001642450157001782500022003352600151003573000034005085080153005425110090006955200965007855380016017505460013017666500059017797000057018387000060018957000062019557206IT-RoPAU20220918181234.0d cvaizq50131s9999||||xx ||| | || ||und|| aIT-RoPAUcIT-RoPAU aITALIANO aTrier Lars VongCodice regista SPICS: 50371 aMANDERLAY aMANDERLAYcProdotto da: Windelov Vibeke -- Sceneggiatura: Trier Lars Von -- Diretto da: Trier Lars VonpMANDERLAY (Rif. Codice opera principale : H7206) aEdizione Standard a(DANIMARCA - FRA - )bZENTROPA ENTERT. - FILM I VAST - EDITH FILM / Distribuzione: ARION LIBRERIAg"2005 (1° ed.: 2007 ; Ed. Lingua Orig.: 2005)" aDVDbsonoro, col.c134 minuti a"Fotografia: Mantle Anthony Dod; Montaggio: Stensgard M. Kjaerha; Musica: Holbek Joachim; Sceneggiatura: Trier Lars Von; Scenografia: Grant Peter; " a"Howard Brice; Dallas; De; Bankole Isaach; Glover Danny; Dafoe Willem; Bacall Lauren" a"USA, 1933. GRACE HA ABBANDONATO DOGVILLE INSIEME AL PADRE E ALLA SUA BANDADI GANGSTER PER CERCARE UN NUOVO POSTO DOVE STABILIRSI. LA RICERCA NON E' FACILE PER CUI IL VIAGGIO SI RIVELA PIU' LUNGO DEL PREVISTO. POICHE' NESSUNLUOGO SEMBRA ADATTO DECIDONO DI ANDARE VERSO SUD E DI PASSARE PER L'ALABAMA. E' QUI CHE GRACE ENTRA IN CONTATTO CON GLI ABITANTI DI UNA REMOTA PIANTAGIONE DI COTONE CHIAMATA MANDERLAY QUANDO FLORA, UNA DELLE SCHIAVE, CHIEDE IL SUO AIUTO PER SALVARE DALLE FRUSTATE TIMOTHY ACCUSATO DI AVER RUBATO DELVINO. GRACE SCOPRE COSI' UNA TERRIBILE REALTA' FATTA DI SCHIAVITU', REPRESSIONE E INGIUSTIZIA. LA RAGAZZA TENTERA' DI CAMBIARE LE LEGGI RIGIDE E CRUDELI CHE REGOLANO LA PIANTAGIONE, CERCANDO NEL FRATTEMPO DI INFONDERE NEGLI EX-SCHIAVI I PRINCIPI DELLA DEMOCRAZIA. CAPITOLO SECONDO DELLA TRILOGIA COMINCIATA CON DOGVILLE. CONTENUTI SPECIALI: INTERVISTE AL REGISTA E AGLI ATTORI PRINCIPALI; RIPRESE SUL SET; GALLERIA FOTOGRAFICA; TRAILER." aPAL, STEREO aITALIANO aDRAMMATICOeDVD-FILM [DVD]xCodice MATERIA SPICS: 9947 aHolbek Joachime(musica)gCodice Musica SPICS: 58859 aTrier Lars Von e(regista)gCodice regista SPICS: 50371 aTrier Lars Von e(soggetto)gCodice Soggetto SPICS: 50371